000 00539nam a22002177a 4500
003 UA-OsUOA
001 38531
007 ta
008 20060516b un ||||| |||| 00| 0 ukr d
100 _aАндріїв Богдан
090 _a32
_bА11
942 _cSA
040 _aUA-OsUOA
_bukr
_cUA-OsUOA
_dUA-OsUOA
245 _aРобота - садити ліс
300 _a4 с.
955 _a0
041 _aukr
080 _a32
773 0 _w38530
_tВільне слово
_dРівне
_d2006
_g39
650 7 _a32 Політика
_2UDC
999 _c324684
_d324684